<?xml version="1.0" encoding="UTF-8"?>
<record
    xmlns:xsi="http://www.w3.org/2001/XMLSchema-instance"
    xsi:schemaLocation="http://www.loc.gov/MARC21/slim http://www.loc.gov/standards/marcxml/schema/MARC21slim.xsd"
    xmlns="http://www.loc.gov/MARC21/slim">

  <leader>01260nam a22002417a 4500</leader>
  <controlfield tag="005">20250220122118.0</controlfield>
  <controlfield tag="008">231121b           ||||| |||| 00| 0 eng d</controlfield>
  <datafield tag="020" ind1=" " ind2=" ">
    <subfield code="a">9788196317157</subfield>
  </datafield>
  <datafield tag="040" ind1=" " ind2=" ">
    <subfield code="c">AL</subfield>
  </datafield>
  <datafield tag="041" ind1=" " ind2=" ">
    <subfield code="a">kan</subfield>
  </datafield>
  <datafield tag="082" ind1=" " ind2=" ">
    <subfield code="2">23</subfield>
    <subfield code="a">398.2K</subfield>
    <subfield code="b">SHEH</subfield>
  </datafield>
  <datafield tag="100" ind1=" " ind2=" ">
    <subfield code="a">Chandrashekhar Shetty B: &#xC9A;&#xC82;&#xCA6;&#xCCD;&#xCB0;&#xCB6;&#xCC7;&#xC96;&#xCB0; &#xCB6;&#xCC6;&#xC9F;&#xCCD;&#xC9F;&#xCBF; &#xCAC;&#xCBF; </subfield>
    <subfield code="9">201547</subfield>
  </datafield>
  <datafield tag="245" ind1=" " ind2=" ">
    <subfield code="a">Hulivesha: Thase dolu kunita</subfield>
    <subfield code="b">&#xCB9;&#xCC1;&#xCB2;&#xCBF;&#xCB5;&#xCC7;&#xCB7;: &#xCA4;&#xCBE;&#xCB8;&#xCC6; &#xCA1;&#xCCB;&#xCB2;&#xCC1; &#xC95;&#xCC1;&#xCA3;&#xCBF;&#xCA4; </subfield>
  </datafield>
  <datafield tag="260" ind1=" " ind2=" ">
    <subfield code="a">Mangaluru</subfield>
    <subfield code="b">St Aloysious Prakashana</subfield>
    <subfield code="c">2023</subfield>
  </datafield>
  <datafield tag="300" ind1=" " ind2=" ">
    <subfield code="a">xii,65p.</subfield>
    <subfield code="b">PB</subfield>
    <subfield code="c">21x13cm</subfield>
  </datafield>
  <datafield tag="365" ind1=" " ind2=" ">
    <subfield code="2">Kannada</subfield>
    <subfield code="b">100.00</subfield>
    <subfield code="c">&#x20B9;</subfield>
    <subfield code="d">100.00</subfield>
  </datafield>
  <datafield tag="520" ind1=" " ind2=" ">
    <subfield code="a"> Dr.Chandrashekhar Shetty B, Associate Prof.,Dept.of Physics, St Aloysius (Deemed to be) University
&#xCB9;&#xCC1;&#xCB2;&#xCBF;&#xCB5;&#xCC7;&#xCB7;&#xCA6; &#xCB8;&#xCBE;&#xC82;&#xCAA;&#xCCD;&#xCB0;&#xCA6;&#xCBE;&#xCAF;&#xCBF;&#xC95; &#xC86;&#xCA7;&#xCC1;&#xCA8;&#xCBF;&#xC95; &#xCB5;&#xCBF;&#xCA7;&#xC97;&#xCB3; &#xC85;&#xCA7;&#xCCD;&#xCAF;&#xCAF;&#xCA8; &#xC97;&#xCCD;&#xCB0;&#xC82;&#xCA5; </subfield>
  </datafield>
  <datafield tag="650" ind1=" " ind2=" ">
    <subfield code="a">Tuluva Folklore: &#xCA4;&#xCC1;&#xCB3;&#xCC1;&#xCB5; &#xC9C;&#xCBE;&#xCA8;&#xCAA;&#xCA6; &#xC95;&#xCB2;&#xCC6; </subfield>
    <subfield code="9">142653</subfield>
  </datafield>
  <datafield tag="650" ind1=" " ind2=" ">
    <subfield code="a">Hulivesha Kalavidharu: &#xCB9;&#xCC1;&#xCB2;&#xCBF;&#xCB5;&#xCC7;&#xCB7; &#xC95;&#xCB2;&#xCBE;&#xCB5;&#xCBF;&#xCA6;&#xCB0;&#xCC1; </subfield>
    <subfield code="9">142654</subfield>
  </datafield>
  <datafield tag="650" ind1=" " ind2=" ">
    <subfield code="a">A study about traditional, modern methods and forms of Huli Vesha (Tiger Dance)</subfield>
    <subfield code="9">143309</subfield>
  </datafield>
  <datafield tag="700" ind1=" " ind2=" ">
    <subfield code="a">SHETTY (Chandrashekhara B): &#xCB6;&#xCC6;&#xC9F;&#xCCD;&#xC9F;&#xCBF; (&#xC9A;&#xC82;&#xCA6;&#xCCD;&#xCB0;&#xCB6;&#xCC7;&#xC96;&#xCB0;  &#xCAC;&#xCBF;)</subfield>
    <subfield code="9">142655</subfield>
  </datafield>
  <datafield tag="942" ind1=" " ind2=" ">
    <subfield code="2">ddc</subfield>
    <subfield code="c">DB</subfield>
  </datafield>
  <datafield tag="999" ind1=" " ind2=" ">
    <subfield code="c">229264</subfield>
    <subfield code="d">229264</subfield>
  </datafield>
  <datafield tag="952" ind1=" " ind2=" ">
    <subfield code="0">0</subfield>
    <subfield code="1">0</subfield>
    <subfield code="2">ddc</subfield>
    <subfield code="4">0</subfield>
    <subfield code="7">0</subfield>
    <subfield code="8">KAN</subfield>
    <subfield code="a">AL</subfield>
    <subfield code="b">AL</subfield>
    <subfield code="d">2023-11-21</subfield>
    <subfield code="e">Santa Aloysius Prakashana</subfield>
    <subfield code="g">100.00</subfield>
    <subfield code="l">0</subfield>
    <subfield code="o">398.2K SHEH</subfield>
    <subfield code="p">D06097</subfield>
    <subfield code="r">2023-11-21 00:00:00</subfield>
    <subfield code="v">100.00</subfield>
    <subfield code="w">2023-11-21</subfield>
    <subfield code="y">DB</subfield>
  </datafield>
  <datafield tag="952" ind1=" " ind2=" ">
    <subfield code="0">0</subfield>
    <subfield code="1">0</subfield>
    <subfield code="2">ddc</subfield>
    <subfield code="4">0</subfield>
    <subfield code="7">0</subfield>
    <subfield code="8">KAN</subfield>
    <subfield code="a">AL</subfield>
    <subfield code="b">AL</subfield>
    <subfield code="d">2023-11-21</subfield>
    <subfield code="g">100.00</subfield>
    <subfield code="l">0</subfield>
    <subfield code="o">398.2K SHEH</subfield>
    <subfield code="p">D06098</subfield>
    <subfield code="r">2023-11-21 00:00:00</subfield>
    <subfield code="v">100.00</subfield>
    <subfield code="w">2023-11-21</subfield>
    <subfield code="y">DB</subfield>
  </datafield>
  <datafield tag="952" ind1=" " ind2=" ">
    <subfield code="0">0</subfield>
    <subfield code="1">0</subfield>
    <subfield code="2">ddc</subfield>
    <subfield code="4">0</subfield>
    <subfield code="7">0</subfield>
    <subfield code="8">KAN</subfield>
    <subfield code="a">AL</subfield>
    <subfield code="b">AL</subfield>
    <subfield code="d">2023-11-21</subfield>
    <subfield code="g">100.00</subfield>
    <subfield code="l">0</subfield>
    <subfield code="o">398.2K SHEH</subfield>
    <subfield code="p">D06099</subfield>
    <subfield code="r">2023-11-21 00:00:00</subfield>
    <subfield code="v">100.00</subfield>
    <subfield code="w">2023-11-21</subfield>
    <subfield code="y">DB</subfield>
  </datafield>
</record>
